[Event "CZE-tht Extraliga 2017-18"]
[Site "Czech Republic"]
[Date "2017.12.02"]
[Round "3.4"]
[White "Velicka, Petr"]
[Black "Laznicka, Viktor"]
[Result "0-1"]
[WhiteElo "2420"]
[BlackElo "2656"]
[Annotator "TA"]
[PlyCount "122"]
[EventDate "2017.??.??"]
[EventType "team-tourn"]
[EventCountry "CZE"]
[SourceTitle "playchess.com"]
[Source "ChessBase"]
[SourceQuality "1"]

{[%evp 23,122,24,31,18,25,29,28,34,33,17,43,3,33,26,31,19,41,0,0,0,18,0,0,0,0,0,0,-16,-27,-21,-14,-16,-13,-13,-12,-13,-13,-14,-16,-14,-14,-51,-50,-52,-52,-79,-75,-85,-87,-69,-64,-66,-72,-98,-79,-81,-73,-74,-74,-76,-76,-79,-76,-76,-77,-77,-77,-94,-48,-130,-130,-138,-137,-197,-187,-225,-217,-757,-710,-568,-508,-239,-147,-566,-48,-48,-48,-546,-416,-901,-964,-852,-853,-718,-710,-577,-402,-400,-368,-1931,-1633]} 1. e4 c5 2. Nf3 a6 3. c3 d5 4. exd5 Qxd5 5. d4 Nf6 6. Be2 e6 7. O-O Be7 8. Be3 cxd4 9. cxd4 Nc6 10. Nc3 Qd6 11. Qd2 O-O 12. Rfd1 Nb4 13. Ne5 {B22: Sicilian: 2 c3} Nfd5 $146 ({Predecessor:} 13... Nbd5 14. Bf3 b5 15. a4 Bd7 16. Bf4 Rad8 17. Bg3 Qb6 18. Nxd5 Nxd5 19. Bxd5 exd5 20. axb5 Bxb5 {½-½ (60) Videki,S (2385)-Csom,I (2475) Kecskemet 1993}) 14. Rac1 Rb8 15. Bf3 {White has an edge.} Qd8 16. Be4 Bd7 17. Bb1 Rc8 18. a3 Nxc3 19. Rxc3 Rxc3 20. Qxc3 Nd5 $1 {[%cal Rd5c3]} 21. Qd3 {[%csl Gb1][%cal Rd3h7]} f5 (21... g6 {looks sharper.} 22. Bh6 Re8 23. Bc2 Bf6 24. Bb3 Bb5) 22. Nxd7 Qxd7 23. Ba2 Bf6 24. Bd2 Rc8 25. Rc1 Rxc1+ 26. Bxc1 g6 27. g3 Kg7 28. Bd2 Qa4 29. Bc3 Qc6 30. Qc4 Qd7 31. Bb3 b5 32. Qd3 (32. Qe2 {with more complications.} Kf7 33. Kf1 Qd6 34. Kg1 Qe7 35. Kg2) 32... Nxc3 33. bxc3 e5 $36 {[%cal Re5d4,Be6e5,Be5e4][%mdl 2080] Black is more active.} 34. d5 e4 35. Qc2 Qd6 36. c4 bxc4 37. Qxc4 Qxa3 38. h4 Qd6 39. Kg2 a5 40. Qb5 Bd8 41. Qe8 Bc7 42. h5 Qe5 43. Qd7+ Kh6 {Strongly threatening ...e3.} 44. hxg6 hxg6 45. Qf7 f4 46. Qf8+ (46. gxf4 $15 Qxf4 47. Qxf4+ Bxf4 48. Bc2) 46... Kg5 $17 {White must now prevent ...f3+.} 47. gxf4+ Qxf4 48. Qe7+ (48. Qc5 $17 {is a better defense.} Qh2+ 49. Kf1) 48... Kh6 $19 49. Bc2 Bb6 $1 50. Qxe4 $2 (50. Bxe4 Qxf2+ 51. Kh3) 50... Qxf2+ 51. Kh3 {[#]} Qf1+ $1 52. Kg4 {[%csl Gc2][%cal Re4g6]} Qg1+ 53. Kh3 $2 {[%mdl 8192] [#]} (53. Kf3 $17 {is more resistant.}) 53... Qe3+ $2 (53... Bc5 $1 $19 {[%cal Rc5d6] ( -> ...Bd6)} 54. Qf4+ Qg5 55. Qh4+ Qxh4+ 56. Kxh4 Kg7) 54. Qxe3+ $15 Bxe3 {[%mdl 4096] Endgame KB-KB} 55. Kg4 $2 {[%mdl 8192]} (55. d6 $1 $15) 55... Bc5 $19 56. Ba4 (56. Kf4 $142 Bd6+ 57. Kg4) 56... Kg7 57. Kf4 Kf6 58. Ke4 Bd6 59. Be8 g5 60. Bd7 Bc7 61. Bg4 $2 (61. Kf3 Bf4 62. Kg4) 61... a4 {Precision: White = 35%, Black = 65%.} 0-1

[Event "CZE-tht Extraliga 2017-18"]
[Site "Czech Republic"]
[Date "2017.12.02"]
[Round "3.4"]
[White "Priehoda, Vitezslav"]
[Black "Simacek, Pavel"]
[Result "1/2-1/2"]
[WhiteElo "2360"]
[BlackElo "2504"]
[Annotator "TA"]
[PlyCount "103"]
[EventDate "2017.??.??"]
[EventType "team-tourn"]
[EventCountry "CZE"]
[SourceTitle "playchess.com"]
[Source "ChessBase"]
[SourceQuality "1"]

{[%evp 24,103,52,42,52,50,47,64,62,59,51,48,71,68,96,64,103,86,102,102,112,89,124,127,125,136,106,43,221,131,129,109,188,130,105,74,85,82,101,48,106,117,112,95,95,95,105,110,162,105,119,132,125,125,132,114,89,89,85,87,89,72,96,72,72,55,118,128,131,131,143,129,182,133,133,121,127,72,72,18,19,0]} 1. d4 Nf6 2. c4 c5 3. d5 e6 4. Nc3 exd5 5. cxd5 d6 6. e4 g6 7. Bd3 Bg7 8. h3 O-O 9. Nf3 Nh5 10. O-O Nd7 11. Bg5 {A70: Modern Benoni: 6 e4 g6 7 Nf3} Bf6 12. Bh6 (12. Be3 Re8 13. Qd2 Ne5 14. Be2 Nxf3+ 15. Bxf3 Ng7 16. a4 Bd7 17. Nb5 Qb6 18. Bf4 Bxb5 19. axb5 {½-½ (40) Batchuluun,T (2513)-Yilmaz,M (2616) Baku 2016}) 12... Re8 13. Qd2 {LiveBook: 6 Games. White is slightly better.} Ne5 14. Nxe5 Bxe5 15. f4 $146 ({Predecessor:} 15. Bg5 Bf6 16. Be3 a6 17. g4 Ng7 18. a4 Bxc3 19. bxc3 {1-0 (48) Bolduc,S (2274)-Lawson,E (2411) Varennes 2005}) 15... Bd4+ 16. Kh2 $1 Bd7 17. Bg5 f6 18. Bh6 $1 f5 19. Bg5 $36 {[%mdl 2048] White has some pressure.} Qa5 20. exf5 gxf5 21. Qc2 Ng7 22. Ne2 Ba4 23. Qb1 Bb5 24. Nxd4 cxd4 25. b4 (25. Bf6 $16 Bxd3 26. Qxd3) 25... Qb6 $2 (25... Bxd3 $14 26. bxa5 Bxb1 27. Rfxb1 (27. Raxb1 b6 $14) 27... Rab8) 26. Rd1 (26. Bxf5 $18 Nxf5 27. Qxf5) 26... Bxd3 $16 27. Qxd3 Rac8 (27... Re3 $16 28. Qxd4 Qxd4 29. Rxd4 Rc8) 28. Bf6 (28. Qxd4 Qxd4 29. Rxd4 Re2 $14) ({White should play} 28. Rac1 $1 $18) 28... Re3 29. Qxd4 Qxd4 30. Bxd4 (30. Rxd4 $6 Nh5 $11) 30... Re2 31. Re1 (31. Rdc1 $16 Rxc1 32. Rxc1) 31... Rcc2 (31... Rd2 $14 32. Rad1 (32. Bxa7 Rcc2 $16) 32... Rxa2) 32. Rxe2 Rxe2 {[%mdl 4096] Endgame KRB-KRN} 33. Rc1 {aiming for Rc8+.} Nh5 34. Rc8+ ({Much worse is} 34. Bxa7 Nxf4 35. Rc8+ Kf7 $11) 34... Kf7 35. Rc7+ $1 ({Much weaker is} 35. Bxa7 $6 Nxf4 36. Rc7+ Re7 $11) 35... Kg6 {[#]} (35... Ke8 $16) 36. Rxb7 (36. Rd7 $1 $18) 36... Rxa2 37. Rxa7 Rd2 38. Be3 Rxd5 39. Ra6 Nf6 40. b5 Rxb5 41. Rxd6 Rd5 42. Ra6 Rd3 43. Bc5 Kf7 44. Bd6 Nd7 (44... Ne4 $14) 45. Be5 Rd5 46. Ra7 Ke6 47. Ba1 Rd3 (47... Nf8 $16 48. Ra6+ Rd6 49. Rxd6+ Kxd6) 48. Ra6+ Rd6 49. Rxd6+ Kxd6 {[#]} 50. Kg3 (50. g4 $142 $1) 50... Nc5 51. Kh4 ({Better is} 51. Kf3 $16) 51... Kd5 $1 $11 52. g4 {Precision: White = 63%, Black = 60%.} 1/2-1/2

[Event "CZE-tht Extraliga 2017-18"]
[Site "Czech Republic"]
[Date "2017.12.02"]
[Round "3.4"]
[White "Straka, Vojtech"]
[Black "Ponizil, Cyril"]
[Result "1/2-1/2"]
[WhiteElo "2337"]
[BlackElo "2478"]
[Annotator "TA"]
[PlyCount "59"]
[EventDate "2017.??.??"]
[EventType "team-tourn"]
[EventCountry "CZE"]
[SourceTitle "playchess.com"]
[Source "ChessBase"]
[SourceQuality "1"]

{[%evp 10,59,8,-6,3,-21,12,0,20,-11,40,-99,6,12,10,0,13,7,10,1,29,0,17,8,10,7,0,0,0,0,0,0,0,0,0,0,0,0,19,0,36,28,91,81,90,49,66,0,67,0,61,0]} 1. c4 e5 2. g3 c6 3. d4 e4 4. Nc3 d5 5. Bg2 Bb4 (5... Nf6 6. cxd5 cxd5 7. Bg5 Nbd7 8. Qb3 Bd6 9. Nh3 h6 10. Bf4 Nb6 11. Be5 {1-0 (44) Adams,M (2751)-Sethuraman,S (2637) Caleta 2017}) 6. Qb3 {LiveBook: 6 Games. A20: English Opening: 1...e5} a5 7. c5 $146 ({Predecessor:} 7. a3 Bxc3+ 8. Qxc3 Nf6 9. Bg5 O-O 10. f3 dxc4 11. Bxf6 Qxf6 12. fxe4 {½-½ (58) Provoost,S (2215)-Motwani,P (2470) Bruges 2017}) 7... b5 8. Bf4 {The position is equal.} Na6 9. f3 Ne7 ({Black should try} 9... a4 $11 10. Qc2 Nf6) 10. e3 (10. a3 $14) 10... Bf5 (10... a4 $17 11. Qc2 Ba5) 11. fxe4 $11 Bxc3+ 12. Qxc3 dxe4 13. Ne2 O-O 14. O-O Re8 15. Bd6 Bg6 16. Nf4 (16. a4 {feels hotter.} bxa4 17. Rxa4 Nb4 18. Rfa1 Nf5 19. Nf4) 16... Nb4 17. Bxe7 Rxe7 18. a3 Nd5 19. Qd2 f6 20. Nxd5 Qxd5 21. Rf4 a4 22. Raf1 Rae8 23. g4 h5 24. gxh5 Qxh5 25. Qf2 Bh7 (25... Qh6 $11 {keeps the balance.}) 26. Qg3 $16 Qg6 27. Qh4 Qf7 28. Qg3 {[#] And now Rxf6 would win.} Qg6 $1 29. Qh4 {Hoping for Rg4.} Qf7 30. Qg3 {Precision: White = 35%, Black = 45%.} (30. Rg4 $14) 1/2-1/2

[Event "CZE-tht Extraliga 2017-18"]
[Site "Czech Republic"]
[Date "2017.12.02"]
[Round "3.5"]
[White "Shirov, Alexei"]
[Black "Kociscak, Jiri"]
[Result "1-0"]
[WhiteElo "2640"]
[BlackElo "2473"]
[Annotator "TA"]
[PlyCount "69"]
[EventDate "2017.??.??"]
[EventType "team-tourn"]
[EventCountry "CZE"]
[SourceTitle "playchess.com"]
[Source "ChessBase"]
[SourceQuality "1"]

{[%evp 22,69,31,11,14,17,27,27,25,0,0,0,25,0,8,0,65,80,75,0,0,0,0,0,97,102,111,107,226,0,47,47,47,47,47,47,47,47,57,58,187,178,194,185,177,177,29968,29968,6510,5273]} 1. d4 Nf6 2. c4 c5 3. d5 b5 4. cxb5 a6 5. bxa6 g6 6. Nc3 Bxa6 7. e4 Bxf1 8. Kxf1 d6 9. g3 Bg7 10. Kg2 O-O 11. f4 Na6 12. Nf3 Nc7 {A59: Benko/Volga Gambit: White castles by hand} (12... Qb6 13. Qe2 e6 14. dxe6 fxe6 15. Qc4 Nc7 16. Re1 d5 17. Qe2 Rfb8 18. e5 Nd7 19. h4 c4 20. h5 {1-0 (41) Bali,J (2270)-Mester,G (2390) Eger 1997}) 13. Re1 Ra6 14. Qd2 $146 ({Predecessor:} 14. Be3 Qa8 15. Qc2 Rb8 16. Bg1 Nb5 17. a4 Nxc3 18. bxc3 Nd7 19. Ra2 Rb7 20. e5 {0-1 (29) Siebarth,R (2134)-Foetsch,D (2262) Germany 2004}) 14... Qa8 {White has an edge.} 15. b3 Rb8 16. Bb2 Rb4 17. Re2 e6 18. Rae1 h6 (18... exd5 $11 19. exd5 Rb8) 19. dxe6 $14 Nxe6 20. Nd5 (20. Kg1 $16) 20... Nxd5 $11 21. exd5 Rxa2 22. dxe6 Rxb2 (22... Rxb3 $11 23. e7 Qxf3+ 24. Kg1 Rbxb2 25. e8=Q+ Kh7) 23. exf7+ $16 Kxf7 24. Qxd6 R4xb3 (24... Re4 $16 {might work better.} 25. Qd7+ Kf8) 25. Kh3 $2 (25. Qe6+ $18 Kf8 26. Kh3 Rxe2 27. Rxe2 Rxf3 28. Qd6+ Kg8 29. Qxg6 Rxf4 30. Re8+ Qxe8 31. Qxe8+ Rf8 32. Qe6+ Kh7 33. Qe4+ Kg8 34. Qd5+ Rf7 35. Qxc5) 25... Rxe2 26. Rxe2 Qc8+ $1 ({Don't blunder} 26... Rxf3 $2 27. Re7+ Kg8 28. Qxg6 $18) 27. Kg2 Rb2 28. Qd5+ $40 {[%mdl 128] Black needs to defend precisely.} Kf8 29. Rxb2 Bxb2 30. Nh4 Bf6 (30... g5 $14 31. Nf5 (31. fxg5 hxg5 32. Nf5 Bf6 $16) 31... gxf4) 31. Nxg6+ $18 Kg7 {[#]} 32. f5 $1 c4 {[#]} 33. Nf4 $1 {[%cal Rf4h5]} c3 $2 (33... Kf8 $18 34. Ne6+ Ke7) 34. Nh5+ Kh8 35. Nxf6 {Precision: White = 57%, Black = 38%.} 1-0

[Event "CZE-tht Extraliga 2017-18"]
[Site "Czech Republic"]
[Date "2017.12.02"]
[Round "3.5"]
[White "Votava, Jan"]
[Black "Krejci, Jan"]
[Result "1/2-1/2"]
[WhiteElo "2519"]
[BlackElo "2566"]
[Annotator "TA"]
[PlyCount "86"]
[EventDate "2017.??.??"]
[EventType "team-tourn"]
[EventCountry "CZE"]
[SourceTitle "playchess.com"]
[Source "ChessBase"]
[SourceQuality "1"]

{[%evp 10,86,0,5,38,27,29,16,18,19,55,48,57,58,73,50,39,25,32,25,33,33,32,26,31,41,31,0,0,4,6,0,0,0,16,0,0,0,0,0,5,0,-7,-4,16,16,16,17,14,17,17,17,23,13,29,31,27,27,16,15,27,0,0,0,11,16,16,12,17,0,8,0,8,0,31,8,86,10,8]} 1. e4 c6 2. d4 d5 3. e5 Bf5 4. c3 Nd7 5. Be3 e6 6. Nd2 {LiveBook: 186 Partien} Be7 {B12: Caro-Kann (Vorstoß-Variante)} (6... Ne7 7. f4 h5 8. Be2 h4 9. Ngf3 Bg4 10. O-O Nf5 11. Bf2 Be7 12. h3 Bh5 13. Bd3 Bg6 14. Qe2 a6 15. c4 dxc4 16. Nxc4 {0-1 (66) Grischuk,A (2711)-Karpov,A (2655) Odessa 2008}) 7. Be2 Qb6 8. b4 $146 ({Vorgänger:} 8. Qb3 h5 9. g3 a5 10. Qxb6 Nxb6 11. a4 Kd8 12. f4 Kc7 13. h3 Bg6 14. Ngf3 {1-0 (41) Smeets,J (2511)-Barnaure,V (2379) Chalkidiki 2003}) 8... a5 9. a3 {[%cal Ba2a3,Ba3b4][%mdl 32]} axb4 10. axb4 Rxa1 11. Qxa1 Nh6 12. Ngf3 O-O 13. O-O f6 14. exf6 Bxf6 15. h3 Bg6 16. Nb3 Qc7 17. Qc1 Nf7 18. Ng5 Nxg5 19. Bxg5 e5 20. Bg4 h6 21. Be3 Re8 22. Re1 exd4 23. Nxd4 Bf7 24. Bf5 Nb6 25. g3 Nc4 26. Bf4 Be5 27. Bxe5 Rxe5 28. Kg2 Rxe1 29. Qxe1 b6 30. Qa1 {[#] Weiss droht Da8+ und Matt.} Qb7 31. Qb1 Nd6 32. Bh7+ Kh8 33. Bg6 Bg8 34. Nf3 Qe7 35. Bd3 Qf6 36. Qe1 Bh7 37. Bxh7 Kxh7 38. Qe3 Ne4 39. c4 Qc3 40. Qxb6 Qxc4 41. Ne5 Qc2 42. Qe3 Kg8 (42... c5 $11) 43. h4 ({Günstiger ist} 43. Qf4 $16 Nf6 44. Qe3) 43... c5 $1 {Precision: Weiß = 61%, Schwarz = 69%.} 1/2-1/2

[Event "CZE-tht Extraliga 2017-18"]
[Site "Czech Republic"]
[Date "2017.12.02"]
[Round "3.5"]
[White "Vykouk, Jan"]
[Black "Worek, Joanna"]
[Result "1-0"]
[WhiteElo "2430"]
[BlackElo "2298"]
[Annotator "TA"]
[PlyCount "113"]
[EventDate "2017.??.??"]
[EventType "team-tourn"]
[EventCountry "CZE"]
[SourceTitle "playchess.com"]
[Source "ChessBase"]
[SourceQuality "1"]

{[%evp 19,113,30,16,41,88,87,118,97,91,103,99,122,258,145,139,133,260,255,248,220,312,312,303,310,293,297,354,339,323,268,285,285,291,293,283,275,356,345,525,521,514,495,583,589,576,559,584,595,619,614,585,564,681,687,672,669,618,550,631,623,724,689,846,787,804,802,702,622,12832,12832,12839,12837,12838,12837,12837,12838,12839,12839,12840,12839,12842,12837,12841,12841,12840,12839,12844,12839,12840,12840,12842,12840,12841,12839,12841,11835]} 1. e4 c5 2. Nf3 Nc6 3. Bb5 e6 4. O-O Nge7 5. Re1 a6 6. Bf1 d5 7. exd5 Nxd5 8. d4 cxd4 9. Nxd4 Be7 {B30: Sicilian: 2...Nc6 3 Bb5, lines without ...g6} (9... Bd7 10. Nf5 Bc8 11. c4 Nf6 12. Qxd8+ Nxd8 13. Bf4 Bd7 14. Nc3 g6 15. Be5 gxf5 16. Bxf6 Rg8 17. Nd5 {½-½ (44) Zvjaginsev,V (2673)-Reshetnikov,A (2492) Moscow 2016}) 10. Nxc6 bxc6 {LiveBook: 5 Games} 11. c4 Nb6 $146 {White is slightly better.} ({Predecessor:} 11... Nb4 12. Qe2 c5 13. Nc3 O-O 14. Bf4 Nc6 15. Qe4 Bd7 16. Rad1 f5 17. Qe3 {0-1 (45) Biro,S (2334)-Horvath,P (2456) Budapest 2003}) 12. Qf3 Bb7 13. Nc3 O-O 14. Bf4 Qc8 15. Qg3 {Black must now prevent Bh6.} Re8 (15... c5 $16) 16. Be5 (16. Bh6 $18 {[%csl Gh6][%cal Rg3g7]} g6 17. Ne4 (17. Qe5 f6 $16)) 16... f6 17. Bc7 Bd8 {[#]} (17... Nd7 $16) 18. Bxd8 $1 $18 Qxd8 19. Ne4 Qe7 (19... Bc8 $142 20. Rad1 Qe7) 20. Nd6 e5 21. Nxe8 Rxe8 22. Rad1 Nd7 23. Qd3 Nc5 24. Qd6 a5 25. g3 Kf7 26. Bg2 Qxd6 27. Rxd6 Rc8 28. f4 e4 (28... exf4 {might work better.} 29. gxf4 Rc7) 29. Bxe4 {White is clearly winning.} Re8 30. Rdd1 ({And not} 30. Rd4 f5 $11) 30... Nxe4 31. Rd7+ Kg6 32. Rxb7 {[%mdl 4096] Endgame KRR-KRN} f5 33. Rd1 Nf6 34. Rd6 c5 35. Kf2 Kh5 {White should prevent ...Ne4+.} 36. Rxf6 gxf6 37. Rxh7+ {KR-KR} Kg6 38. Rc7 Rb8 39. b3 a4 40. bxa4 Rb2+ 41. Ke3 Rxa2 42. Rxc5 Rxa4 43. Kd4 Ra2 44. Rb5 Rxh2 45. Rb3 Kf7 46. Re3 Rd2+ 47. Kc5 Rd8 48. Kb6 Rd4 49. c5 {[%cal Bc4c5,Bc5c6,Bc6c7][%mdl 32]} Re4 50. Rd3 Ke7 51. c6 Rb4+ 52. Kc7 Ra4 53. Kb7 Rb4+ 54. Kc8 Rb6 55. c7 Rb1 56. Rd7+ Ke8 57. Rd5 {Precision: White = 75%, Black = 24%.} 1-0

[Event "CZE-tht Extraliga 2017-18"]
[Site "Czech Republic"]
[Date "2017.12.02"]
[Round "3.5"]
[White "Svoboda, Vaclav"]
[Black "Kanovsky, David"]
[Result "1/2-1/2"]
[WhiteElo "2424"]
[BlackElo "2405"]
[Annotator "TA"]
[PlyCount "63"]
[EventDate "2017.??.??"]
[EventType "team-tourn"]
[EventCountry "CZE"]
[SourceTitle "playchess.com"]
[Source "ChessBase"]
[SourceQuality "1"]

{[%evp 17,63,27,26,-8,22,24,28,16,26,17,12,28,24,21,28,29,18,20,29,21,24,14,24,29,34,0,0,2,3,3,3,3,3,3,3,0,0,0,8,5,11,5,5,7,0,0,16,13]} 1. Nf3 c5 2. c4 g6 3. Nc3 Bg7 4. e3 Nf6 5. d4 O-O 6. Be2 cxd4 7. Nxd4 Nc6 8. O-O Nxd4 9. exd4 d5 {LiveBook: 21 Games} 10. Be3 {A35: Symmetrical English: 2 Nc3 Nc6 3 Nf3} (10. cxd5 Nxd5 11. Bf3 Nxc3 12. bxc3 Qc7 13. Qb3 e5 14. Ba3 Rd8 15. Rfe1 Be6 16. d5 Bf5 17. d6 Qd7 18. Qxb7 Qxb7 19. Bxb7 {1-0 (27) Gajewski,G (2641)-Areshchenko,A (2701) Lublin 2014}) 10... b6 $146 ({Predecessor:} 10... Be6 11. c5 Ne4 12. Bf3 f5 13. Qb3 Qd7 14. Rad1 Rad8 15. Rfe1 Bf7 16. Qb5 Qc7 17. g3 g5 {1-0 (43) Medina Riesgo,P (2168)-Valido Bouza,C (2211) Havana 2009}) 11. Bf3 {[%cal Rc3d5]} Bb7 12. b4 {White has an edge.} Rc8 13. c5 bxc5 14. bxc5 Ne4 15. Rc1 Qd7 16. Qb3 Rfd8 17. Rfd1 e6 18. h3 Bc6 19. Bf4 Qe7 20. Bxe4 dxe4 21. Bd6 Qg5 {[#] aiming for ...Bxd4!The position is equal.} 22. d5 exd5 23. Nxd5 Bxd5 24. Qxd5 Qxd5 25. Rxd5 Bf8 {[#] ...Bxd6 is the strong threat.} 26. Rcd1 Bxd6 27. cxd6 $11 {KRR-KRR} Rd7 28. R1d4 Rc6 29. Kh2 f5 30. g4 fxg4 31. hxg4 Kf7 32. Rxe4 {Precision: White = 72%, Black = 64%.} 1/2-1/2

[Event "CZE-tht Extraliga 2017-18"]
[Site "Czech Republic"]
[Date "2017.12.02"]
[Round "3.5"]
[White "Blatny, Pavel"]
[Black "Rojicek, Vojtech"]
[Result "1-0"]
[WhiteElo "2337"]
[BlackElo "2399"]
[Annotator "TA"]
[PlyCount "123"]
[EventDate "2017.??.??"]
[EventType "team-tourn"]
[EventCountry "CZE"]
[SourceTitle "playchess.com"]
[Source "ChessBase"]
[SourceQuality "1"]

{[%evp 10,123,23,-7,6,0,9,0,29,-20,2,-1,6,-16,60,45,32,46,44,17,20,2,2,2,4,0,57,57,63,62,47,47,57,68,65,49,51,15,34,11,9,8,17,0,0,0,0,0,0,0,0,0,0,0,0,0,0,0,0,0,0,0,0,0,73,73,73,73,73,73,73,73,73,69,76,77,75,71,72,32,354,327,296,0,176,174,158,0,0,0,201,201,182,8,472,211,500,24,89,0,29971,29971,29970,29968,29968,29969,29972,29971,29970,29971,29964,29967,12335,12790,29989,29990]} 1. d4 Nf6 2. Nf3 g6 3. Nc3 d5 4. Bf4 Bg7 5. e3 c6 6. h4 {LiveBook: 6 Games. D00: 1 d4 d5: Unusual lines} a5 $146 ({Predecessor:} 6... Bg4 7. Be2 Nbd7 8. Ne5 Bxe2 9. Qxe2 h5 10. O-O-O Qa5 11. Kb1 {1-0 (44) Karjakin,S (2781)-Giri,A (2771) Stavanger 2017}) 7. Ne5 h5 8. Bd3 {The position is equal.} a4 9. Ne2 a3 10. b3 Nbd7 11. c3 Ng4 ({Better is} 11... Nxe5 $11 12. Bxe5 O-O) 12. Nxd7 Bxd7 13. f3 $36 {[%mdl 2048] White fights for an advantage.} Nh6 14. Qc2 Bf5 15. e4 dxe4 16. fxe4 Bg4 17. e5 Bxe2 (17... c5 $11) 18. Qxe2 $14 e6 19. Bg5 Qc7 20. O-O Nf5 21. Rf3 Bf8 22. Rd1 Be7 23. Bxf5 gxf5 24. Rg3 O-O-O 25. Rdd3 c5 (25... Kb8 {looks sharper.} 26. b4 Rde8 27. Qd2 Reg8 28. c4 Bxg5 29. Rxg5 Rxg5 30. hxg5 Rd8) 26. Bxe7 Qxe7 27. dxc5 Qxc5+ 28. Kh2 Rxd3 29. Rxd3 $11 {[%mdl 4096] Endgame KQR-KQR} Rd8 30. b4 Qc7 31. Rxd8+ Qxd8 {KQ-KQ} 32. Qc4+ Kb8 33. Qd4 Qxd4 34. cxd4 {KP-KP} Kc7 {Hoping for ...Kb6.} 35. Kg3 Kc6 (35... Kb6 $5) 36. Kf4 {And now Kg5 would win.} Kd5 (36... Kb5 $1 $11) 37. Kg5 $1 $16 {[%cal Rg5h5]} Kxd4 38. Kxh5 Kc3 ({Avoid the trap} 38... Kxe5 $2 39. Kg5 $18) 39. Kg5 {Black must now prevent h5.} Kb2 40. h5 Kxa2 41. h6 Kb3 {With the idea ...a2.} 42. h7 a2 43. h8=Q a1=Q {KQ-KQ} 44. Kf6 $1 Kxb4 $2 {[%mdl 8192]} (44... Qa2 $14) 45. Qf8+ $18 Kc3 46. Qc8+ $2 ({Not} 46. Qxf7 Qh1 $16) (46. Kxf7 $18 {Threatens to win with Qc8+.} Qa2 47. Qc8+ Kd4 48. Qxe6) 46... Kd4 $2 (46... Kd3 $1 $11 {and Black stays safe.}) 47. Qd7+ Ke3 48. Qxb7 $2 (48. Qxf7 $16 Qa8 49. Kxe6 (49. Qxe6 Qf8+ 50. Qf7 Qh6+ 51. Ke7 Qh4+ 52. Qf6 Qc4 $18)) 48... Qh1 $11 49. Qxf7 {aiming for Qa7+.} Qxg2 $2 (49... Qh6+ $11 {and Black is okay.} 50. Ke7 Ke4) 50. Qxe6 $18 f4 51. Qb3+ $2 ({White must play} 51. Qb6+ $1 $18 Kf3 52. e6) 51... Ke2 $2 {[%mdl 8192] [#]} (51... Kf2 $11) 52. Qc4+ (52. Qb5+ $142 $1 Kd1 53. Qa4+ Qc2 54. Qxf4) 52... Ke3 $2 {[#]} (52... Kf3 53. e6 Qb2+ 54. Kf5 Qb1+ 55. Kg5 Qb8) 53. Qc3+ $2 ({White has to play} 53. Qc5+ $1 $18 Kf3 54. e6) 53... Ke2 $11 54. e6 ({White should try} 54. Qc2+ $16 Kf3 55. Qd3+ Kf2 56. e6) 54... Qh1 $2 {[%mdl 8192]} (54... Qe4 $11) 55. Qe5+ Kd3 56. Qxf4 Qh8+ 57. Ke7 Qg7+ 58. Kd8 Qh8+ 59. Kd7 Qh3 60. Kd6 Qh8 61. Qf5+ Kd4 62. Qd5+ {Precision: White = 47%, Black = 42%.} 1-0

[Event "CZE-tht Extraliga 2017-18"]
[Site "Czech Republic"]
[Date "2017.12.02"]
[Round "3.5"]
[White "Strasil, Pavel"]
[Black "Chytilek, Roman"]
[Result "0-1"]
[WhiteElo "2067"]
[BlackElo "2335"]
[Annotator "TA"]
[PlyCount "82"]
[EventDate "2017.??.??"]
[EventType "team-tourn"]
[EventCountry "CZE"]
[SourceTitle "playchess.com"]
[Source "ChessBase"]
[SourceQuality "1"]

{[%evp 16,82,0,0,4,-16,-5,-19,-16,-23,11,-20,0,-12,-6,-25,-7,-7,-5,-22,-2,-10,0,0,0,-14,-14,-33,-18,-33,-42,-40,-43,-41,-41,-45,-40,-36,-37,-43,-14,-73,-75,-85,-95,-440,-431,-477,-445,-521,-479,-492,-426,-419,-420,-450,-449,-429,-417,-399,-394,-539,-550,-639,-633,-610,-603,-880,-695]} 1. d4 Nf6 2. c4 c5 3. Nf3 cxd4 4. Nxd4 Qc7 5. e3 a6 6. Nc3 e6 7. a3 {A32: Englische Eröffnung (Symmetrische Variante)} (7. Be2 Be7 8. O-O O-O 9. Qc2 b6 10. b3 Bb7 11. Bb2 d6 12. Rac1 Nbd7 13. Bf3 Rac8 14. Qe2 Rfe8 15. Rfd1 g6 16. Bxb7 Qxb7 {½-½ (67) Moroni,L (2460)-Vocaturo,D (2588) Milan 2015}) 7... b6 8. Be2 Bb7 9. O-O {LiveBook: 4 Partien. Die Stellung ist ausgeglichen.} Be7 10. Bf3 (10. Nb3 {is more complex.} O-O 11. Bd2 Nc6 12. f4 Rfd8 13. Rc1) 10... O-O 11. Bxb7 Qxb7 12. b3 $146 ({Vorgänger:} 12. Qe2 Nc6 13. Rd1 Rfc8 14. b3 d5 15. Na4 dxc4 16. bxc4 Ne5 {0-1 (40) Apostolova,P (2070)-Vranesic,Z (2345) Toronto 1997}) 12... d6 13. Qf3 Qxf3 14. gxf3 Rc8 15. Bb2 Nbd7 16. a4 Nc5 17. Ba3 Rc7 18. Rab1 Rac8 19. Rfd1 g6 20. Nde2 Kf8 21. Ng3 Ne8 22. f4 f5 23. f3 Nf6 24. e4 h5 25. exf5 gxf5 26. Nge2 Kf7 27. Kf2 Rg8 28. Rg1 (28. Ng1 $11) 28... Rxg1 29. Nxg1 d5 {[%cal Bd6d5,Bd5c4][%mdl 32]} 30. b4 $2 {[%mdl 8192] [#]} (30. Nh3 $17) 30... Nd3+ $19 31. Ke3 dxc4 32. Nge2 Rc8 33. Nd4 a5 {[%cal Ra5b4]} 34. Nc2 {Wenn Weiss jetzt Zeit für bxa5 hätte...} axb4 35. Bxb4 Nxb4 36. Nxb4 Bc5+ 37. Ke2 Rg8 38. Nc6 Rg2+ {Schwarz steht klar auf Gewinn.} 39. Ke1 Nd5 {[#] Und ...Tg1+ würde nun gewinnen.} 40. Ne5+ Kg7 41. Ne2 Bb4+ {Precision: Weiß = 30%, Schwarz = 68%.} 0-1